| 000 | 006360000a22001810004500 | ||
|---|---|---|---|
| 003 | MACL | ||
| 005 | 20160401121142.0 | ||
| 008 | 160401b xxu||||| |||| 00| 0 eng d | ||
| 040 |
_aMACL _cMACL |
||
| 041 | _aHindi | ||
| 082 | _a398 | ||
| 100 |
_aनेगी लक्ष्मण सिंह _949529 |
||
| 245 | _aनन्दा देवी व स्वनुल देवी के लोक-जागर | ||
| 260 |
_bजय नन्दा देवी स्वरोजगार शिक्षण संस्थान _c2003 |
||
| 350 | _a400 | ||
| 650 |
_aFolklore _949530 |
||
| 942 |
_cHIN _k398 _2ddc |
||
| 999 |
_c12443 _d12443 |
||